ბათუმის შოთა რუსთაველის სახელმწიფო უნივერსიტეტის ბიბლიოთეკა

საქართველოს კონსტიტუცია = The constitution of Georgia : (ბიბ.ჩანაწერი № 39380)

000 -ლიდერი
ფიქსირებული სიგრძის საკონტროლო ველი 01140nam a2200217Ia 4500
001 - საკონტროლო ნომერი
საკონტროლო ველი 5969
003 - საკონტროლო ნომრის იდენტიფიკატორი
საკონტროლო ველი GE_BSU
005 - ბოლო ოპერაციის თარიღი და დრო
საკონტროლო ველი 20191031113714.0
008 - ფიქსირებული სიგრძის მონაცემთა ელემენტები - ზოგადი ინფორმაცია
ფიქსირებული სიგრძის საკონტროლო ველი 181216s2012||||ge |||||||||||||| ||geo||
020 ## - წიგნის საერთაშორისო სტანდარტული ნომერი
International Standard Book Number 9789941927430
040 ## - კატალოგიზაციის წყარო
Transcribing agency GE_BSU
080 ## - უნივერსალური ათობითი კლასიფიკაციის ინდექსი
Universal Decimal Classification number 342 ს-34
245 ## - ცნობა სათაურის შესახებ
Title საქართველოს კონსტიტუცია = The constitution of Georgia :
Remainder of title მიღებულია 1995 წლის 24 აგვისტოს : 2012 წლის 25 ივლისის მდგომარეობით /
264 ## - წარმოების, გამოცემის, დისტრიბუციის და სხვა ცნობები
გამოცემის, წარმოების, დისტრიბუციის... ადგილი თბილისი,
გამოცემის, წარმოების, დისტრიბუციის... სახელწოდება შპს "სამი",
გამოცემის, წარმოების, დისტრიბუციის... თარიღი 2012.
300 ## - ფიზიკური აღწერა
Extent 254 გვ.
Other physical details 20 სმ.
500 ## - ზოგადი შენიშვნა
General note თავფურ., ტექსტი, ყდა ქართ. და ინგლ.
653 ## - INDEX TERM--UNCONTROLLED
Uncontrolled term საქართველოს 1995 წლის კონსტიტუცია
653 ## - INDEX TERM--UNCONTROLLED
Uncontrolled term სამართალმცოდნეობა
710 ## - ADDED ENTRY--CORPORATE NAME
Corporate name or jurisdiction name as entry element კონსტიტუციონალიზმის კვლევისა და ხელშეწყობის რეგიონალური ცენტრი
9 (RLIN) 5129
942 ## - ADDED ENTRY ELEMENTS (KOHA)
Koha item type წიგნი
Source of classification or shelving scheme
ეგზემპლარები
ჩამოწერის სტატუსი დაკარგული ეგზემპლარის სტატუსი კლასიფიკაციის წყარო ან თაროზე გაწყობის სქემა დაზიანების სტატუსი არ გაიცემა მუდმივი მდებარეობა (დაცვის ადგილი) ამჟამინდელი ადგილსამყოფელი თაროზე განთავსების ადგილი შეძენის თარიღი სრული შენახვის შიფრი შტრიხკოდი ბოლო ოპერაციის თარიღი ეგზემპლარის მიმდევრობითი ნომერი (კეტერი?) ფასის ძალაში შესვლის თარიღი ეგზემპლარის სახეობა ღირებულება, შესყიდვის ნორმალური ფასი Uniform Resource Identifier საჯარო შენიშვნა
          ბათუმის შოთა რუსთაველის სახელმწიფო უნივერსიტეტის მთავარი ბიბლიოთეკა ბათუმის შოთა რუსთაველის სახელმწიფო უნივერსიტეტის მთავარი ბიბლიოთეკა წიგნსაცავი 2018-12-17 342 ს-34 6637 2018-12-17 6637 2018-12-17 წიგნი      
          ბათუმის შოთა რუსთაველის სახელმწიფო უნივერსიტეტის მთავარი ბიბლიოთეკა ბათუმის შოთა რუსთაველის სახელმწიფო უნივერსიტეტის მთავარი ბიბლიოთეკა წიგნსაცავი 2026-02-02 342.4(479.22) ს-34 73652 2026-02-02 73652 2026-02-02 წიგნი 8.00 ნაჩუქარი 8 ლ.